UBT Library

Neuro-ophthalmology: (Record no. 2158)

000 -LEADER
fixed length control field 00292nam a22001217a 4500
008 - FIXED-LENGTH DATA ELEMENTS--GENERAL INFORMATION
fixed length control field 160518b xxu||||| |||| 00| 0 eng d
020 ## - INTERNATIONAL STANDARD BOOK NUMBER
International Standard Book Number 9780071749466
020 ## - INTERNATIONAL STANDARD BOOK NUMBER
International Standard Book Number 0071749462
041 ## - LANGUAGE CODE
Language code of text/sound track or separate title eng
080 ## - UNIVERSAL DECIMAL CLASSIFICATION NUMBER
Universal Decimal Classification number 617
245 ## - TITLE STATEMENT
Title Neuro-ophthalmology:
Statement of responsibility, etc Ashok Garg; Emanuel Rosen;
942 ## - ADDED ENTRY ELEMENTS (KOHA)
Source of classification or shelving scheme
Item type Books
Holdings
Withdrawn status Lost status Source of classification or shelving scheme Damaged status Not for loan Collection code Permanent location Current location Shelving location Date acquired Total Checkouts Full call number Barcode Date last seen Price effective from Koha item type
          Koleksioni i përgjithshem UBT - Lipjan UBT - Lipjan Koleksioni i përgjithshem 05/18/2016   617 GAR 002-029477 05/18/2016 05/18/2016 Books
          Koleksioni i përgjithshem UBT - Lipjan UBT - Lipjan Koleksioni i përgjithshem 05/18/2016   61 GAR 002-029469 05/18/2016 05/18/2016 Books
          Koleksioni i përgjithshem UBT - Lipjan UBT - Lipjan Koleksioni i përgjithshem 05/18/2016   61 GAR 002-029470 05/18/2016 05/18/2016 Books
          Koleksioni i përgjithshem UBT - Lipjan UBT - Lipjan Koleksioni i përgjithshem 05/18/2016   61 GAR 002-029471 05/18/2016 05/18/2016 Books
          Koleksioni i përgjithshem UBT - Lipjan UBT - Lipjan Koleksioni i përgjithshem 05/18/2016   61 GAR 002-029472 05/18/2016 05/18/2016 Books
UBT Library © 2015-2024. All rights reserved University Education for Business and Technology